000 00933nam a2200229Ii 4500
003 JO-AjNU
008 230605s9999||||xx |||||||||||||| ||und||
017 _a2021/3/1567
020 _a978-9557-00-827-7
040 _aJO-AjNU
_bara
_erda
_cJO-AjNU
041 _aara
050 1 4 _aBF636.6.2021
100 3 _aالبوات، مراد كاسب، م. مشارك مؤيد ابراهيم المغاصبه,
_eauthor
_962064
245 0 0 _aاتجاهات نظرية حديثة في الارشاد النفسي
250 _aالطبعة العربية الاولى
264 3 1 _aعمان: دار الشروق للنشر والتوزيع، 2021
300 _a186ص
_b ويحتوي على قائمة مراجع من ص177-ص186
336 _atext
_btxt
_2rdacontent
337 _aunmediated
_bn
_2rdamedia
338 _avolume
_bnc
_2rdacarrier
650 4 _aالارشاد النفسي-العلاج النفسي-علم النفس
_962065
999 _aA28085
_c31653
_d31653